<?xml version="1.0" encoding="UTF-8"?>
<marc:record xmlns:marc="http://www.loc.gov/MARC21/slim">
   <marc:leader>00000nam a2200000 a 4500</marc:leader>
   <marc:datafield ind1="1" ind2=" " tag="100">
      <marc:subfield code="a">Holt, Victoria</marc:subfield>
      <marc:subfield code="4">aut</marc:subfield>
      <marc:subfield code="e">Verfasser/-in</marc:subfield>
   </marc:datafield>
   <marc:datafield ind1=" " ind2=" " tag="653">
      <marc:subfield code="a">Grossdruck</marc:subfield>
   </marc:datafield>
   <marc:datafield ind1="0" ind2="0" tag="245">
      <marc:subfield code="a">Rache der Pharaonen, Die</marc:subfield>
   </marc:datafield>
   <marc:datafield ind1=" " ind2="1" tag="264">
      <marc:subfield code="b">Hamburg, Deut. Bücherbund, 1975,</marc:subfield>
      <marc:subfield code="c">349</marc:subfield>
   </marc:datafield>
   <marc:datafield ind1="1" ind2=" " tag="520">
      <marc:subfield code="a">Jeder, der die Totenruhe der Pharaonen stört, wird mit ihrer Rache rechnen müssen. Dieser alte Glaube erhält wieder Nahrung als der bekannte Archäologe Sir Edwar Travers bei Ausgrabungsarbeiten in Ägypten ganz plötzlich stirbt.</marc:subfield>
   </marc:datafield>
</marc:record>
